Najczęściej odgadywane miasta według państwa #1 - Statystyki

Ogólne statystyki
  • Ten quiz został rozwiązany 3 354 razy
    3 326 od ostatniego zresetowania
  • Średni wynik to 25 z 40
Statystyki odpowiedzi
Kraj % City % Poprawnych
Niemcy 100 Berlin
98%
Wielka Brytania 100 Londyn
97%
Francja 100 Paryż
97%
Hiszpania 100 Madryt
96%
Hiszpania 99 Barcelona
95%
Japonia 100 Tokio
94%
Kanada 100 Ottawa
90%
Niemcy 93 Monachium
89%
Brazylia 98 Rio de Janeiro
86%
Wielka Brytania 93 Manchester
84%
Niemcy 84 Hamburg
81%
Francja 88 Marsylia
80%
Wielka Brytania 90 Liverpool
79%
Francja 85 Lyon
77%
Kanada 95 Toronto
77%
Brazylia 95 Brasília
76%
Indie 97 Delhi
70%
Niemcy 77 Frankfurt nad Menem
69%
Niemcy 79 Dortmund
66%
Brazylia 96 São Paulo
63%
Hiszpania 76 Sewilla
63%
Indie 96 Mumbaj
60%
Wielka Brytania 85 Birmingham
59%
Hiszpania 71 Walencja
57%
Japonia 83 Osaka
56%
Kanada 92 Vancouver
55%
Francja 64 Nicea
52%
Hiszpania 71 Bilbao
50%
Wielka Brytania 84 Glasgow
50%
Kanada 84 Montreal
46%
Japonia 67 Hiroszima
44%
Francja 61 Bordeaux
40%
Indie 81 Kolkata
35%
Japonia 72 Sapporo
32%
Kanada 71 Edmonton
21%
Brazylia 68 Belo Horizonte
18%
Japonia 56 Jokohama
16%
Indie 74 Ćennaj
14%
Indie 64 Bengaluru
13%
Brazylia 64 Manaus
13%
Nie znaleziono quizów pasujących do podanych kryteriów
Rozkład punktacji
Procent ludzi z każdym wynikiem
Percentyl według liczby udzielonych odpowiedzi
Twoja historia wyników
Nie rozwiązałeś tego quizu od ostatniego zresetowania